Fresno Yosemite International Airport Destinations (Fresno, CA, USA) - Statistics

General Stats
  • This quiz has been taken 102 times
    48 since last reset
  • The average score is 11 of 15
Answer Stats
Airline Destination % Correct
Allegiant Air/Southwest Airlines Las Vegas
97%
United Express Los Angeles
97%
United Express San Francisco
97%
Alaska Airlines Seattle/Tacoma
97%
American Airlines/American Eagle Phoenix (Sky Harbor)
93%
Southwest Airlines/United Airlines/United Express Denver
90%
Alaska Airlines/Southwest Airlines San Diego
90%
American Airlines Dallas/Fort Worth
87%
Alaska Airlines/Allegiant Air Portland (OR)
80%
Delta Connection Salt Lake City
80%
United Airlines Chicago (O'Hare)
67%
Aeroméxico/Alaska Airlines/Volaris Guadalajara
63%
Volaris León/El Bajío
33%
Volaris Morelia
17%
Southwest Airlines Dallas (Love)
0%
No matching quizzes found
Score Distribution
Percent of People with Each Score
Percentile by Number Answered
Your Score History
You have not taken this quiz since the last reset